| 000 | 00768nam a2200241 a 4500 | ||
|---|---|---|---|
| 005 | 20240925064129.0 | ||
| 008 | 991125s1985 mad 000 0 spa u | ||
| 020 | _a8471122995 | ||
| 035 | _aUPN01000014314 | ||
| 049 | _aCG | ||
| 050 | 4 |
_aBF721 _bG5.38 |
|
| 100 | 1 | _aGillham, Bill | |
| 245 | 1 | 0 |
_aDesarrollo infantil : _bdesde la concepción a la edad escolar / _cBill Gillham, Kim Plunkett ; tr. Alfredo Guera Miralles ; rev. G. Gonzalvo Mainar. |
| 260 |
_aMadrid : _bMorata, _c1985. |
||
| 300 | _a133 p. | ||
| 440 | 0 |
_aPsicología. _pLa psicología y el niño |
|
| 650 | 4 |
_aDesarrollo infantil _9176 |
|
| 650 | 4 |
_aNiño, Estudio del _9221 |
|
| 650 | 4 |
_aNiños _xCrecimiento _915181 |
|
| 700 | 1 |
_aPlunkett, Kim, _ecoaut. |
|
| 905 | _aLibro | ||
| 999 |
_c14314 _d14314 |
||